| 000 | 00754nam a2200241 a 4500 | ||
|---|---|---|---|
| 001 | BRL_279 | ||
| 005 | 20190320210652.0 | ||
| 008 | 220713s1984----mx-o######---#000-0#spa-# | ||
| 020 | _a9688371890 | ||
| 041 | _aspa | ||
| 044 | _amx | ||
| 050 | 4 |
_aF1219.1S35 _b.S3 1984 |
|
| 100 | 1 |
_aSchara, Julio Cesar _923443 |
|
| 245 | 1 | 0 |
_aSan Sebastián Xoco _bun estudio sobre cultura popular _cJulio Cesar Schara. |
| 260 |
_aMéxico _bUNAM, Facultad de Ciencias Politicas y Sociales _c1984 |
||
| 300 |
_a44 p. _bil. _c22 cm. |
||
| 500 | _aAu2363 | ||
| 504 | _aBibliografía : 42-44 p. | ||
| 651 | 4 |
_aSan Sebastian Xoco (Mexico) _xDescripcion _923444 |
|
| 651 | 4 |
_aSan Sebastian Xoco (Mexico) _xVida social y costumbres _923445 |
|
| 902 | _aGRL | ||
| 942 |
_2lcc _cB |
||
| 999 |
_c9092 _d9092 |
||